Взрывчатые вещества в горном деле с точки зрения химии; Прогрессивные технологии и экономика в машиностроении

מידע ביבליוגרפי
Parent link:Прогрессивные технологии и экономика в машиностроении.— 2015.— [С. 577-580]
מחבר ראשי: Борангазиев М. М.
מחבר תאגידי: Национальный исследовательский Томский политехнический университет (ТПУ) Юргинский технологический институт (филиал) (ЮТИ) Кафедра естественного научного образования (ЕНО)
מחברים אחרים: Деменкова Л. Г. Лариса Геннадьевна (научный руководитель)
סיכום:Заглавие с экрана
שפה:רוסית
יצא לאור: 2015
סדרה:Современное состояние и проблемы естественных наук
נושאים:
גישה מקוונת:http://earchive.tpu.ru/handle/11683/17801
http://www.lib.tpu.ru/fulltext/c/2015/C57/252.pdf
פורמט: אלקטרוני Book Chapter
KOHA link:https://koha.lib.tpu.ru/cgi-bin/koha/opac-detail.pl?biblionumber=611947

MARC

LEADER 00000naa2a2200000 4500
001 611947
005 20260420123542.0
035 |a (RuTPU)RU\TPU\conf\9857 
035 |a RU\TPU\conf\9840 
090 |a 611947 
100 |a 20150428d2015 k y0rusy50 ca 
101 0 |a rus 
102 |a RU 
135 |a drgn ---uucaa 
181 0 |a i  
182 0 |a b 
200 1 |a Взрывчатые вещества в горном деле с точки зрения химии  |f М. М. Борангазиев  |g науч. рук. Л. Г. Деменкова 
203 |a Текст  |c электронный 
215 |a 1 файл(317 Кб) 
225 1 |a Современное состояние и проблемы естественных наук 
300 |a Заглавие с экрана 
320 |a [Библиогр.: с. 580 (5 назв.)] 
337 |a Adobe Reader 
463 1 |0 (RuTPU)RU\TPU\conf\9525  |t Прогрессивные технологии и экономика в машиностроении  |o сборник трудов VI Всероссийской научно-практической конференции для студентов и учащейся молодежи, 9-11 апреля 2015 г., Юрга  |f Национальный исследовательский Томский политехнический университет (ТПУ), Юргинский технологический институт (ЮТИ) ; под ред. Д. А. Чинахова  |v [С. 577-580]  |d 2015 
610 1 |a электронный ресурс 
610 1 |a труды учёных ТПУ 
610 1 |a взрывчатые вещества 
610 1 |a горное дело 
610 1 |a химия 
700 1 |a Борангазиев  |b М. М. 
702 1 |a Деменкова  |b Л. Г.  |c российский учёный в области естественнонаучного образования  |c старший преподаватель Юргинского технологического института (филиал) Томского политехнического университета  |f 1964-  |g Лариса Геннадьевна  |4 727 
712 0 2 |a Национальный исследовательский Томский политехнический университет (ТПУ)  |b Юргинский технологический институт (филиал) (ЮТИ)  |b Кафедра естественного научного образования (ЕНО)  |3 (RuTPU)RU\TPU\col\18894 
801 1 |a RU  |b 63413507  |c 20101016 
801 2 |a RU  |b 63413507  |c 20210212  |g RCR 
856 4 |u http://earchive.tpu.ru/handle/11683/17801 
856 4 |u http://www.lib.tpu.ru/fulltext/c/2015/C57/252.pdf 
942 |c BK